| 000 -LEADER |
| fixed length control field |
00880nam a2200241Ia 4500 |
| 001 - CONTROL NUMBER |
| control field |
1932 |
| 003 - CONTROL NUMBER IDENTIFIER |
| control field |
GE_BSU |
| 005 - DATE AND TIME OF LATEST TRANSACTION |
| control field |
20190423111955.0 |
| 008 - FIXED-LENGTH DATA ELEMENTS--GENERAL INFORMATION |
| fixed length control field |
181216s2007||||ru |||||||||||||| ||rus|| |
| 020 ## - INTERNATIONAL STANDARD BOOK NUMBER |
| International Standard Book Number |
9785238011684 |
| 040 ## - CATALOGING SOURCE |
| Transcribing agency |
GE_BSU |
| 041 ## - LANGUAGE CODE |
| Language code of text/sound track or separate title |
rus |
| 080 ## - UNIVERSAL DECIMAL CLASSIFICATION NUMBER |
| Universal Decimal Classification number |
347.65(470)(075.8) Н-31 |
| 245 ## - TITLE STATEMENT |
| Title |
Наследственное право : |
| Remainder of title |
Учубное пособие для студ. вузов / |
| Statement of responsibility, etc. |
Под. ред. Н.А.Волковой, М.В. Максютина. |
| 264 ## - PRODUCTION, PUBLICATION, DISTRIBUTION, MANUFACTURE, AND COPYRIGHT NOTICE |
| Place of production, publication, distribution, manufacture |
Москва : |
| Name of producer, publisher, distributor, manufacturer |
ЮНИТИ Закон и право, |
| Date of production, publication, distribution, manufacture, or copyright notice |
2007. |
| 300 ## - PHYSICAL DESCRIPTION |
| Extent |
192 с. ; |
| Other physical details |
20 см. |
| 653 ## - INDEX TERM--UNCONTROLLED |
| keyword |
სამართალი |
| 653 ## - INDEX TERM--UNCONTROLLED |
| keyword |
მემკვიდრეობითი სამართალი |
| 700 ## - ADDED ENTRY--PERSONAL NAME |
| Personal name |
Волкова, Н. А. |
| Fuller form of name |
|
| 9 (RLIN) |
386 |
| 700 ## - ADDED ENTRY--PERSONAL NAME |
| Personal name |
Максютина, М. В. |
| Relator term |
редактор |
| 9 (RLIN) |
387 |
| 942 ## - ADDED ENTRY ELEMENTS (KOHA) |
| Koha item type |
წიგნი |
| Source of classification or shelving scheme |
|